00520 2200193 4500001002100000005001500021035002000036007000300056008004100059020002200100082001100122084001700133100001900150245004300169250001100212260004100223300003900264650002300303INLIS00000000000202220260212010541 a0010-0226000032ta260212 g 0 ind  a978-623-5517-18-1 a158.24 a158.24 IQB b0 aIqbal Aridanto1 aBukan Layangan Putus /cIqbal Aridanto aCet. 1 aYogyakarta :bLintas Nalar CV,c2022 ax + 234 hlm :b- ;c14,5 x 20,5 cm aPsikologi Keluarga